000 01413pab a2200193 454500
008 180718b2017 xxu||||| |||| 00| 0 eng d
100 _aHarrington, John
245 _aThe limits of socio-legal radicalism: social and legal studies and third world scholarship
260 _c2017
300 _ap.700-715.
362 _aDec
520 _aIn this review to mark the 25th anniversary of Social and Legal Studies (SLS), we offer an assessment of the evolution of socio-legal scholarship on the Third World. We seek to locate the journal in the broader history of socio-legal studies and legal education in the United Kingdom and to consider its engagement with the work of Third World scholars. In order to do this, we recall the founding commitment of the journalメs first editorial board to non-western perspectives on law and locate this commitment both historically and biographically. We explore a number of important interventions concerned with socio-legal studies in the Third World, but also point to significant gaps and omissions since 1992. To end, we argue for a reassertion of SLSメs founding commitments to anti-imperial scholarship and the challenges posed by critical, non-western perspectives. - Reprodu
650 _aSociolegal studies
650 _aLaw and development
650 _aLegal education
700 _aManji, Ambreena
773 _aSocial & Legal Studies
909 _a116544
999 _c116538
_d116538